000 00309nam a22001337a 4500
008 181019b xxu||||| |||| 00| 0 eng d
020 _a9780631230939
041 _aeng
080 _a612.39
100 _a10
101 _anut
245 _aThe Cultural Politics Food Eating
_cWatson.J.I
942 _2udc
_cBK
999 _c50191
_d50191